Countries with the Highest Anglican Populations - Statistics

General Stats
  • This quiz has been taken 201 times
    195 since last reset
  • The average score is 7 of 10
Answer Stats
Church Membership Countries % Correct
13,400,000 United Kingdom
99%
2,300,000 United States
96%
3,800,000 Australia
91%
642,000 Canada
89%
584,000 New Zealand
84%
17,500,000 Nigeria
84%
2,500,000 Kenya
65%
2,000,000 Tanzania
60%
8,000,000 Uganda
50%
5,000,000 Sudan
25%
No matching quizzes found
Score Distribution
Percent of People with Each Score
Percentile by Number Answered
Your Score History
You have not taken this quiz since the last reset